[Event "World Junior Open 2015"]
[Site "Khanty-Mansiysk RUS"]
[Date "2015.09.15"]
[Round "13.29"]
[White "Chumak, Dmitrii"]
[Black "Lootens, Matthias"]
[Result "1/2-1/2"]
[WhiteElo "1808"]
[BlackElo "1935"]
[WhiteFideId "34106658"]
[BlackFideId "218634"]
[EventDate "2015.09.02"]

1. e4 c5 2. Nf3 d6 3. d4 cxd4 4. Nxd4 Nf6 5. Nc3 g6 6. f3 Bg7 7. Be3 O-O 8. Qd2
Nc6 9. O-O-O d5 10. Kb1 Nxd4 11. e5 Nf5 12. exf6 Bxf6 13. Nxd5 Qxd5 14. Qxd5
Nxe3 15. Qd3 Nxd1 16. Qxd1 Be6 17. Bb5 Rfd8 18. Qe2 Rd6 19. Rd1 Rad8 20. Rxd6
Rxd6 21. a3 Rb6 22. b3 a6 23. Bc4 Bc8 24. f4 Rd6 25. a4 h5 26. h3 h4 27. Kc1 Bd7
28. Qe4 Kg7 29. Qxb7 Bc6 30. Qxa6 Bxg2 31. Qc8 Bf3 32. Bd3 Rc6 33. Qd7 Rd6 34.
Qc8 Rc6 35. Qd7 Rd6 36. Qa7 Bg2 37. Qe3 Re6 38. Qf2 Bxh3 39. f5 gxf5 40. Qg1+
Kh6 41. Bc4 Rd6 42. a5 Bg4 43. a6 Bd4 44. Qe1 Bf6 45. Be2 Re6 46. a7 Rxe2 47.
Qxe2 Bxe2 48. a8=Q Bg5+ 49. Kb2 f4 50. Qg2 f3 51. Qf2 Kh5 52. c4 Bf4 53. c5 h3
54. c6 h2 55. Qd4 h1=Q 56. Qxf4 Kg6 57. Qg4+ Kf6 58. c7 Ba6 59. Qf4+ Kg7 60.
Qg4+ Kf6 1/2-1/2

[Event "World Junior Open 2015"]
[Site "Khanty-Mansiysk RUS"]
[Date "2015.09.15"]
[Round "13.30"]
[White "Dutreuil, Raphael"]
[Black "El Fazari, Mohamed Amin"]
[Result "1-0"]
[WhiteElo "2166"]
[BlackElo "1832"]
[WhiteFideId "20630999"]
[BlackFideId "9002545"]
[EventDate "2015.09.02"]

1. d4 d5 2. c4 c6 3. Nf3 Nf6 4. Nc3 Qb6 5. c5 Qc7 6. g3 Bg4 7. Bf4 Qc8 8. Ne5
Bf5 9. b4 g6 10. Bg2 Bg7 11. O-O O-O 12. Re1 Nh5 13. Qd2 Nxf4 14. Qxf4 Nd7 15.
e4 Nxe5 16. dxe5 dxe4 17. Nxe4 Qc7 18. Ng5 h6 19. Nf3 Rad8 20. Nd4 e6 21. Rad1
Rd7 22. Nxf5 Rxd1 23. Ne7+ Kh7 24. Rxd1 Bxe5 25. Qe4 Re8 26. Nxc6 bxc6 27. Qxc6
Qxc6 28. Bxc6 Rc8 29. b5 Rc7 30. Kf1 Bc3 31. Ke2 Bb4 32. Rc1 Kg7 33. Kd3 Kf6 34.
Kc4 Ba3 35. Rc2 a6 36. Kb3 axb5 37. Kxa3 Rxc6 38. Kb4 Rc8 39. c6 Ke5 40. Kxb5
Rb8+ 41. Kc5 1-0

[Event "World Junior Open 2015"]
[Site "Khanty-Mansiysk RUS"]
[Date "2015.09.15"]
[Round "13.31"]
[White "Popov, Mikhail"]
[Black "Dias, Matheus Nunes"]
[Result "1-0"]
[WhiteTitle "FM"]
[WhiteElo "2327"]
[BlackElo "1699"]
[WhiteFideId "4146182"]
[BlackFideId "2136570"]
[EventDate "2015.09.02"]

1. e4 e6 2. d4 d5 3. Nc3 dxe4 4. Nxe4 Nd7 5. Nf3 Ngf6 6. Nxf6+ Nxf6 7. Be3 Be7
8. Qd2 O-O 9. O-O-O Nd5 10. Bd3 b6 11. h4 Nxe3 12. Qxe3 Bb7 13. Ng5 g6 14. Nxh7
Qd5 15. h5 Qxa2 16. hxg6 fxg6 17. Nxf8 Rxf8 18. Rh8+ Kf7 19. Bxg6+ Kxg6 20. Qh6+
Kf7 21. Qh5+ 1-0